000 00506nam a22001817a 4500
003 OSt
005 20140310182201.0
008 130902t xxu||||| |||| 00| 0 eng d
020 _a0026822202
050 _aTS 227
_b.W445 1974
082 _aHS 671.52
_bk38 1982
245 _aWelding technology /
_cedited by Gower A. Kennedy
260 _aIllinois :
_bGlancoe Macmillan/ McGraw-Hill,
_cc1974.
300 _a598 p. :
_bill. ;
_c27 cm.
650 _aWelding
_916264
942 _2lcc
_cHS
999 _c10223
_d10223